La famiglia felice

I tiakina i:
Ngā taipitopito rārangi puna kōrero
Kaituhi matua: Richard, Gustave
Hōputu: Pukapuka
Reo:Ingarihi
I whakaputaina: Milano
Ngā Tūtohu: Tāpirihia he Tūtohu
Kāore He Tūtohu, Me noho koe te mea tuatahi ki te tūtohu i tēnei pūkete!

MARC

LEADER 00000nam a2200000 4500
001 CDOM0000003757
003 mi
005 20250914090036.0
008 250914b |||||||| |||| 00| 0 eng d
040 |c mi 
100 |a Richard, Gustave 
245 1 |a La famiglia felice  
260 |a Milano 
942 |2 ddc  |c BK 
952 |0 0  |1 0  |2 ddc  |4 0  |7 0  |9 6971  |a MI  |b MI  |d 2009-08-26  |i 5475  |l 0  |p CDOM5475  |r 2025-07-13 16:28:00  |w 2025-07-13  |x DONO  |y BK 
999 |c 5691  |d 5691